[Event "Liga Insular Gran Canaria 1b Ascenso"]
[Site "Las Palmas"]
[Date "2019.06.08"]
[Round "3.3"]
[White "Suarez Ramirez, Jonay"]
[Black "Ojeda Hernandez, Jose Miguel"]
[Result "1-0"]
[WhiteElo "1829"]
[BlackElo "1398"]
[PlyCount "81"]
[EventDate "2019.05.25"]
[EventType "team-tourn"]
[EventRounds "3"]
[EventCountry "ESP"]
[SourceTitle "EXT 2021"]
[Source "ChessBase"]
[SourceDate "2020.10.23"]
[SourceVersion "1"]
[SourceVersionDate "2020.10.23"]
[SourceQuality "1"]
[WhiteTeam "Hotel Avda de Canarias II"]
[BlackTeam "La Aldea"]
[WhiteTeamCountry "ESP"]
[BlackTeamCountry "ESP"]

1. d4 d5 2. c4 e6 3. Nc3 Nf6 4. cxd5 exd5 5. Bg5 Be7 6. Nf3 Nc6 7. e3 h6 8. Bh4 Bf5 9. a3 0-0 10. Bd3 Bxd3 11. Qxd3 Re8 12. 0-0 a6 13. b4 Nb8 14. Rfc1 c6 15. Rab1 Nbd7 16. a4 b5 17. Ne2 Rc8 18. axb5 axb5 19. Bxf6 Bxf6 20. Ra1 Re6 21. Nf4 Re8 22. Ra6 Nb8 23. Ra7 Rc7 24. Rxc7 Qxc7 25. Nxd5 Qd6 26. Nxf6+ Qxf6 27. Ne5 Re6 28. Qa3 Qd8 29. Qa7 Re7 30. Qa8 Rc7 31. Ra1 Qc8 32. Ra7 Rxa7 33. Qxa7 Qf8 34. h3 Kh7 35. Nxf7 Na6 36. Qxa6 Qxf7 37. Qxc6 Qc4 38. Qxc4 bxc4 39. Kf1 c3 40. Ke2 c2 41. Kd2 1-0

[Event "Liga Insular Gran Canaria 1a Descenso"]
[Site "Las Palmas"]
[Date "2019.05.25"]
[Round "1.1"]
[White "Suarez Ramirez, Jonay"]
[Black "Rivero Pena, Gara del Pino"]
[Result "1-0"]
[WhiteElo "1829"]
[BlackElo "1590"]
[PlyCount "93"]
[EventDate "2019.05.25"]
[EventType "team-tourn"]
[EventRounds "3"]
[EventCountry "ESP"]
[SourceTitle "EXT 2021"]
[Source "ChessBase"]
[SourceDate "2020.10.23"]
[SourceVersion "1"]
[SourceVersionDate "2020.10.23"]
[SourceQuality "1"]
[WhiteTeam "Hotel Avda de Canarias III"]
[BlackTeam "Panaderia Pulido San Mateo II"]
[WhiteTeamCountry "ESP"]
[BlackTeamCountry "ESP"]

1. d4 e6 2. c4 f5 3. Nf3 Nf6 4. Nc3 Bb4 5. Bd2 b6 6. e3 Bb7 7. Be2 0-0 8. a3 Be7 9. b4 d6 10. 0-0 c5 11. Ng5 Qd7 12. Bf3 cxb4 13. axb4 Bxf3 14. Qxf3 Nc6 15. Nxe6 Rfc8 16. Nf4 Rab8 17. Nfd5 Nxd5 18. Nxd5 Bf8 19. Rfc1 Kh8 20. Qh5 Qe6 21. Nf4 Qf6 22. Bc3 Kg8 23. Qf3 Kh8 24. b5 Ne7 25. Bb4 Rc7 26. Qg3 Rbc8 27. Nh5 Qf7 28. Bxd6 Rxc4 29. Rxc4 Rxc4 30. Nf4 Rc8 31. h3 Ng8 32. Bxf8 Rxf8 33. Nd3 Nf6 34. Ne5 Qb7 35. Qf3 Ne4 36. Qh5 Kg8 37. Qe2 Rc8 38. Qa2+ Kf8 39. Qe6 Rd8 40. Qxf5+ Nf6 41. Nc6 Rd5 42. Qd3 a5 43. e4 Rd7 44. e5 Ng8 45. d5 Ne7 46. Qf3+ Kg8 47. e6 1-0

[Event "Liga Insular Gran Canaria 1a"]
[Site "Las Palmas"]
[Date "2019.04.27"]
[Round "6.1"]
[White "Mengibar Martinez, Manuel"]
[Black "Suarez Ramirez, Jonay"]
[Result "0-1"]
[WhiteElo "1614"]
[BlackElo "1829"]
[PlyCount "60"]
[EventDate "2019.03.02"]
[EventType "team-tourn"]
[EventRounds "7"]
[EventCountry "ESP"]
[SourceTitle "EXT 2021"]
[Source "ChessBase"]
[SourceDate "2020.10.23"]
[SourceVersion "1"]
[SourceVersionDate "2020.10.23"]
[SourceQuality "1"]
[WhiteTeam "Panaderia Pulido San Mateo II"]
[BlackTeam "Hotel Avda de Canarias III"]
[WhiteTeamCountry "ESP"]
[BlackTeamCountry "ESP"]

1. e4 c5 2. Nf3 Nc6 3. d4 cxd4 4. Nxd4 g6 5. Bc4 Bg7 6. c3 Nf6 7. Qf3 Ne5 8. Qe2 0-0 9. Bb3 d6 10. 0-0 a5 11. Rd1 a4 12. Bc2 Qb6 13. Na3 Bd7 14. Rb1 Nc6 15. Be3 Ng4 16. Nxc6 Qxc6 17. Bf4 Ne5 18. Bd3 Nxd3 19. Qxd3 Be6 20. Ra1 Rab8 21. Nc2 b5 22. Nd4 Qc4 23. Nxe6 Qxe6 24. Qd5 b4 25. Qxe6 fxe6 26. Bd2 a3 27. cxb4 axb2 28. Rab1 Ra8 29. b5 Rfb8 30. Bg5 Kf7 0-1

[Event "Las Palmas Montalvo Memorial 12th"]
[Site "Las Palmas"]
[Date "2019.04.16"]
[Round "5"]
[White "Suarez Ramirez, Jonay"]
[Black "Manchon Santana, Alberto"]
[Result "0-1"]
[WhiteElo "1829"]
[BlackElo "2039"]
[PlyCount "62"]
[EventDate "2019.04.13"]
[EventType "swiss"]
[EventRounds "9"]
[EventCountry "ESP"]
[SourceTitle "CBM 189 Extra"]
[Source "ChessBase"]
[SourceDate "2019.05.31"]
[SourceVersion "1"]
[SourceVersionDate "2019.05.31"]
[SourceQuality "1"]

1. d4 Nf6 2. c4 e6 3. Nc3 Bb4 4. Qc2 0-0 5. Nf3 b6 6. g3 Bb7 7. Bg2 c5 8. a3 Bxc3+ 9. bxc3 Qc7 10. Bf4 d6 11. 0-0 Be4 12. Qb3 Nc6 13. Rfd1 Na5 14. Qa2 cxd4 15. cxd4 Nxc4 16. Rac1 b5 17. Nd2 Bxg2 18. Kxg2 Rac8 19. Kg1 Nd5 20. Qb3 Nxf4 21. gxf4 Nxd2 22. Rxc7 Nxb3 23. Rxa7 Ra8 24. Rb7 Rfb8 25. Rc7 Rxa3 26. Kg2 d5 27. Rb1 b4 28. e3 g6 29. Rb2 Na5 30. Ra7 Nc4 31. Rxa3 Nxb2 0-1

[Event "Las Palmas Montalvo Memorial 12th"]
[Site "Las Palmas"]
[Date "2019.04.14"]
[Round "2"]
[White "Perez Guerra, Raul"]
[Black "Suarez Ramirez, Jonay"]
[Result "1-0"]
[WhiteElo "2093"]
[BlackElo "1829"]
[PlyCount "59"]
[EventDate "2019.04.13"]
[EventType "swiss"]
[EventRounds "9"]
[EventCountry "ESP"]
[SourceTitle "CBM 189 Extra"]
[Source "ChessBase"]
[SourceDate "2019.05.31"]
[SourceVersion "1"]
[SourceVersionDate "2019.05.31"]
[SourceQuality "1"]

1. e4 c5 2. Nc3 g6 3. g3 Bg7 4. Bg2 Nc6 5. d3 e6 6. Be3 b6 7. Qd2 Nge7 8. Bh6 0-0 9. h4 f5 10. h5 Qe8 11. Bxg7 Kxg7 12. Nb5 Qf7 13. Nf3 gxh5 14. 0-0-0 a6 15. Nd6 Qg6 16. Rh2 Qh6 17. Qxh6+ Kxh6 18. Rdh1 Kg7 19. Rxh5 Rh8 20. Ng5 h6 21. Ngf7 Rh7 22. Ng5 Rh8 23. Ndf7 Ng8 24. Nxh8 Kxh8 25. exf5 exf5 26. Nf7+ Kg7 27. Nxh6 Nxh6 28. Rxh6 Rb8 29. Rh7+ Kg6 30. f4 1-0

[Event "Liga Insular Gran Canaria 1a"]
[Site "Las Palmas"]
[Date "2019.03.23"]
[Round "4.1"]
[White "Fuentes Perez, Noe"]
[Black "Suarez Ramirez, Jonay"]
[Result "1-0"]
[WhiteElo "1911"]
[BlackElo "1829"]
[PlyCount "79"]
[EventDate "2019.03.02"]
[EventType "team-tourn"]
[EventRounds "7"]
[EventCountry "ESP"]
[SourceTitle "EXT 2021"]
[Source "ChessBase"]
[SourceDate "2020.10.23"]
[SourceVersion "1"]
[SourceVersionDate "2020.10.23"]
[SourceQuality "1"]
[WhiteTeam "Fundacion La Caja de Canarias II"]
[BlackTeam "Hotel Avda de Canarias III"]
[WhiteTeamCountry "ESP"]
[BlackTeamCountry "ESP"]

1. e4 c5 2. c3 Nc6 3. d4 cxd4 4. cxd4 d5 5. exd5 Qxd5 6. Nf3 Bg4 7. Be2 Nf6 8. Nc3 Qd8 9. Be3 a6 10. h3 Bf5 11. d5 Nb4 12. Qa4+ Nd7 13. Qxb4 e6 14. Qa4 exd5 15. Nxd5 Bd6 16. Nb6 Rb8 17. Nxd7 Bxd7 18. Qd4 Be7 19. 0-0 0-0 20. Rfd1 Bc6 21. Qxd8 Rfxd8 22. Rxd8+ Bxd8 23. Rc1 Bf6 24. b3 Re8 25. Kf1 h6 26. Rd1 Rc8 27. Bd3 Rd8 28. Ke2 Rc8 29. a4 Kh8 30. Bf5 Re8 31. Bd7 Re7 32. Bxc6 bxc6 33. Rd8+ Kh7 34. Rc8 Re6 35. Kd3 Rd6+ 36. Nd4 c5 37. Rxc5 Rb6 38. Rc6 Rb4 39. Rc4 Rb7 40. b4 1-0

[Event "San Cristobal de La Laguna op 1st"]
[Site "San Cristobal de La Laguna"]
[Date "2018.09.02"]
[Round "4"]
[White "Suarez Ramirez, Jonay"]
[Black "Ramos Aguilar, Jose Manuel"]
[Result "0-1"]
[WhiteElo "1831"]
[BlackElo "2101"]
[PlyCount "54"]
[EventDate "2018.08.31"]
[EventType "swiss"]
[EventRounds "9"]
[EventCountry "ESP"]
[SourceTitle "CBM 186 Extra"]
[Source "ChessBase"]
[SourceDate "2018.08.24"]
[SourceVersion "1"]
[SourceVersionDate "2018.08.24"]
[SourceQuality "1"]

1. Nf3 g6 2. g3 Bg7 3. Bg2 Nf6 4. 0-0 0-0 5. c4 c6 6. Nc3 d5 7. cxd5 cxd5 8. d4 Ne4 9. Bf4 Nxc3 10. bxc3 Nc6 11. Qd2 Bf5 12. Qb2 b6 13. Qb5 Qd7 14. Nd2 Nxd4 15. Qa6 Ne6 16. e3 Nc5 17. Qa3 e5 18. Bg5 Bd3 19. Rfd1 h6 20. Nb3 e4 21. Nxc5 bxc5 22. Bxh6 Bxh6 23. Qxc5 Rfc8 24. Qa3 Bf8 25. Qa5 Rc5 26. Qb4 Rc4 27. Qa5 Ra4 0-1

[Event "Lanzarote op"]
[Site "Lanzarote"]
[Date "2018.06.29"]
[Round "8"]
[White "Suarez Ramirez, Jonay"]
[Black "Salazar de la Cruz, Jose Maria"]
[Result "0-1"]
[WhiteElo "1880"]
[BlackElo "2056"]
[PlyCount "78"]
[EventDate "2018.06.25"]
[EventType "swiss"]
[EventRounds "9"]
[EventCountry "ESP"]
[SourceTitle "CBM 185 Extra"]
[Source "ChessBase"]
[SourceDate "2018.07.29"]
[SourceVersion "1"]
[SourceVersionDate "2018.07.29"]
[SourceQuality "1"]

1. Nf3 c5 2. g3 Nc6 3. Bg2 g6 4. c4 Bg7 5. 0-0 Nf6 6. Nc3 0-0 7. Rb1 d5 8. cxd5 Nxd5 9. Nxd5 Qxd5 10. b3 Qh5 11. h4 Bg4 12. Bb2 e5 13. d3 Rad8 14. Qc2 b6 15. a3 Nd4 16. Bxd4 exd4 17. b4 Rc8 18. Qb3 Be6 19. Qa4 Rc7 20. Rfc1 Rfc8 21. bxc5 bxc5 22. Qa5 h6 23. Rb5 Bd7 24. Rb2 Qf5 25. Nd2 Qe6 26. Nc4 Kh7 27. h5 Bc6 28. hxg6+ fxg6 29. Qa6 Qd7 30. Bxc6 Rxc6 31. Qa4 Qf7 32. Nd2 Qe7 33. Nc4 Re6 34. Qd1 Re8 35. Rcc2 Rf8 36. Na5 Ref6 37. Rb7 Qe5 38. f4 Qe3+ 39. Kg2 Rxf4 0-1

[Event "Las Palmas Montalvo Memorial 11th"]
[Site "Las Palmas"]
[Date "2018.03.25"]
[Round "2"]
[White "Suarez Ramirez, Jonay"]
[Black "Alvarado Diaz, Alejandro"]
[Result "0-1"]
[WhiteElo "1905"]
[BlackElo "2399"]
[PlyCount "48"]
[EventDate "2018.03.24"]
[EventType "swiss"]
[EventRounds "9"]
[EventCountry "ESP"]
[SourceTitle "CBM 183 Extra"]
[Source "ChessBase"]
[SourceDate "2018.04.19"]
[SourceVersion "1"]
[SourceVersionDate "2018.04.19"]
[SourceQuality "1"]

1. c4 e5 2. Nc3 d6 3. g3 f5 4. e3 Nf6 5. Bg2 g6 6. Nge2 Bg7 7. 0-0 0-0 8. d4 e4 9. b3 Na6 10. a3 c6 11. Rb1 Nc7 12. Bb2 Qe8 13. c5 d5 14. b4 g5 15. a4 Ne6 16. Bc1 Ng4 17. h3 Nh6 18. b5 Qg6 19. f4 exf3 20. Rxf3 g4 21. hxg4 Nxg4 22. Qf1 Bd7 23. Nf4 Qh6 24. Qe1 Ng5 0-1

[Event "Las Palmas Insular-chT Honor 1718"]
[Site "Las Palmas"]
[Date "2017.12.16"]
[Round "4.4"]
[White "Arroyo Palacios, Jose Maria"]
[Black "Suarez Ramirez, Jonay"]
[Result "1/2-1/2"]
[WhiteElo "1709"]
[BlackElo "1930"]
[PlyCount "108"]
[EventDate "2017.10.28"]
[EventType "team-tourn"]
[EventRounds "9"]
[EventCountry "ESP"]
[SourceTitle "EXT 2019"]
[Source "ChessBase"]
[SourceDate "2018.10.10"]
[SourceVersion "1"]
[SourceVersionDate "2018.10.10"]
[SourceQuality "1"]
[WhiteTeam "Tres W"]
[BlackTeam "Hotel Avda de Canarias"]
[WhiteTeamCountry "ESP"]
[BlackTeamCountry "ESP"]

1. f4 g6 2. Nf3 Bg7 3. g3 b6 4. e4 e6 5. Bg2 Ne7 6. 0-0 0-0 7. Nc3 Bb7 8. d3 d5 9. e5 c5 10. Qe2 a6 11. Bd2 Nbc6 12. Nd1 Nf5 13. c3 Qc7 14. Ne3 Nxe3 15. Bxe3 Rfd8 16. d4 c4 17. g4 Ne7 18. Nh4 Bc8 19. Bh3 Qd7 20. Rf3 f5 21. exf6 Bxf6 22. Qf2 Rf8 23. Rf1 Ra7 24. f5 exf5 25. gxf5 Bxh4 26. Qxh4 Nxf5 27. Qg5 Qe7 28. Qf4 Re8 29. Bc1 Qh4 30. Bxf5 Qxf4 31. Bxf4 Bxf5 32. Be5 b5 33. a3 a5 34. Rg3 Rf7 35. Rf2 Re6 36. h4 h5 37. Kf1 Rb6 38. Ke1 Kf8 39. Re3 Kg8 40. Rg3 b4 41. cxb4 axb4 42. Re3 b3 43. Bf4 Be4 44. Ree2 Ra6 45. Bc1 Raf6 46. Bg5 Rf5 47. Rxf5 Rxf5 48. Rf2 Bf3 49. Kd2 Kf7 50. Ke3 Be4 51. Rxf5+ Bxf5 52. Bf4 Ke6 53. Bh6 Be4 54. Bg5 Bc2 1/2-1/2

[Event "Canarias-chT"]
[Site "San Cristobal de La Laguna"]
[Date "2017.06.23"]
[Round "2.2"]
[White "Suarez Ramirez, Jonay"]
[Black "Alvarez Alonso, Alberto"]
[Result "0-1"]
[WhiteElo "1835"]
[BlackElo "1982"]
[PlyCount "114"]
[EventDate "2017.06.22"]
[EventType "team-swiss"]
[EventRounds "6"]
[EventCountry "ESP"]
[SourceTitle "EXT 2024"]
[Source "ChessBase"]
[SourceDate "2023.10.10"]
[SourceVersion "1"]
[SourceVersionDate "2023.10.10"]
[SourceQuality "1"]
[WhiteTeam "Hotel Avda de Canarias II"]
[BlackTeam "Los Realejos Shah Mat"]
[WhiteTeamCountry "ESP"]
[BlackTeamCountry "ESP"]

1. d4 d5 2. c4 e6 3. Nc3 Be7 4. cxd5 exd5 5. Nf3 Nf6 6. Bg5 c6 7. e3 Nbd7 8. Bd3 0-0 9. 0-0 Re8 10. Rb1 Nf8 11. h3 Ne6 12. Bh4 g6 13. b4 a6 14. a4 Ng7 15. b5 axb5 16. axb5 Ra3 17. Qc2 Bf5 18. Bxf5 Nxf5 19. Bg5 Qa5 20. Rfc1 Rxc3 21. Qxc3 Qxc3 22. Rxc3 Ne4 23. Bxe7 Nxc3 24. Rb3 Nxb5 25. Bc5 Ra8 26. Rb2 f6 27. Kh2 Ng7 28. Ne1 Ne6 29. Nd3 Nxc5 30. Nxc5 Ra7 31. Nd7 Kf7 32. Nb6 Ke6 33. Rb4 Ra6 34. Na4 b6 35. Kg3 Kd6 36. Nb2 Nc3 37. Nd3 Ne4+ 38. Kf4 h5 39. f3 Ng5 40. Nb2 Ne6+ 41. Kg3 c5 42. dxc5+ bxc5 43. Rb8 c4 44. Nd1 Ra3 45. Rb6+ Ke5 46. f4+ Kf5 47. Rd6 Nxf4 48. Kh2 Ke5 49. Rd8 Ne6 50. Rc8 Rd3 51. Nb2 Rxe3 52. Nxc4+ dxc4 53. Rxc4 Re4 54. Rc8 h4 55. Re8 Kf5 56. Ra8 Kg5 57. Ra5+ f5 0-1

[Event "Arrecife de Lanzarote op"]
[Site "Arrecife de Lanzarote"]
[Date "2017.06.13"]
[Round "5"]
[White "Suarez Ramirez, Jonay"]
[Black "Navio Lopez, Manuel Alberto"]
[Result "1/2-1/2"]
[WhiteElo "1835"]
[BlackElo "1581"]
[PlyCount "137"]
[EventDate "2017.06.11"]
[EventType "swiss"]
[EventRounds "9"]
[EventCountry "ESP"]
[SourceTitle "EXT 2019"]
[Source "ChessBase"]
[SourceDate "2018.10.10"]
[SourceVersion "1"]
[SourceVersionDate "2018.10.10"]
[SourceQuality "1"]

1. d4 Nf6 2. c4 g6 3. Nc3 Bg7 4. e4 d6 5. h3 0-0 6. Nf3 Na6 7. Be3 c6 8. Be2 Nc7 9. g4 d5 10. e5 Nd7 11. Nd2 dxc4 12. Nxc4 c5 13. dxc5 Nxe5 14. Qxd8 Rxd8 15. 0-0 Be6 16. Nxe5 Bxe5 17. Rad1 Kg7 18. Bf3 Bxc3 19. bxc3 Bd5 20. Bxd5 Nxd5 21. Bd4+ f6 22. c4 Nf4 23. Kh2 Rac8 24. Be3 Ne6 25. Rb1 Rd7 26. Rb5 a6 27. Ra5 Kf7 28. Rb1 g5 29. Rb6 Rdc7 30. c6 Rxc6 31. Rxb7 Rxc4 32. Rxa6 Nc5 33. Bxc5 R8xc5 34. Rb2 Rc1 35. Re2 R1c2 36. Rxc2 Rxc2 37. Kg2 Ke8 38. a4 Kd7 39. Ra7+ Kd6 40. a5 Ra2 41. a6 h6 42. Ra8 Ke6 43. a7 Ke5 44. Kf3 Ra3+ 45. Ke2 Kf4 46. Rh8 Rxa7 47. Rxh6 Ra2+ 48. Ke1 Kf3 49. Rh7 Re2+ 50. Kd1 Kxf2 51. h4 gxh4 52. Rxh4 Re4 53. Rh7 Kg3 54. Rg7 Rxg4 55. Rxe7 f5 56. Ke2 Kg2 57. Re5 f4 58. Rf5 Kg3 59. Rf7 Rg6 60. Kf1 f3 61. Rf8 Rg4 62. Rf7 Ra4 63. Rg7+ Kf4 64. Rf7+ Ke3 65. Re7+ Re4 66. Rxe4+ Kxe4 67. Kf2 Kf4 68. Kf1 Ke3 69. Ke1 1/2-1/2

[Event "Arrecife de Lanzarote op"]
[Site "Arrecife de Lanzarote"]
[Date "2017.06.12"]
[Round "2"]
[White "Perez Bolanos, Joel"]
[Black "Suarez Ramirez, Jonay"]
[Result "0-1"]
[WhiteElo "1381"]
[BlackElo "1835"]
[PlyCount "64"]
[EventDate "2017.06.11"]
[EventType "swiss"]
[EventRounds "9"]
[EventCountry "ESP"]
[SourceTitle "EXT 2019"]
[Source "ChessBase"]
[SourceDate "2018.10.10"]
[SourceVersion "1"]
[SourceVersionDate "2018.10.10"]
[SourceQuality "1"]

1. e4 c5 2. Nf3 Nc6 3. d4 cxd4 4. Nxd4 g6 5. Be3 Bg7 6. Nc3 Nf6 7. Qd2 0-0 8. Be2 d5 9. exd5 Nxd5 10. Nxc6 bxc6 11. Nxd5 Qxd5 12. Qxd5 cxd5 13. 0-0-0 Rb8 14. c3 Rd8 15. Bf3 Bf5 16. g4 Be6 17. Bd4 Rb7 18. Rhe1 Rdb8 19. Re2 Bh6+ 20. Be3 Bxe3+ 21. fxe3 Rb5 22. Red2 Kg7 23. Rf2 d4 24. Rxd4 Bxa2 25. Ra4 Bb3 26. Rxa7 Re5 27. Re2 Rd8 28. Re1 Rd3 29. Ra3 Be6 30. Kc2 Rdxe3 31. Rxe3 Rxe3 32. Bd1 Rh3 0-1

[Event "Arrecife de Lanzarote op"]
[Site "Arrecife de Lanzarote"]
[Date "2017.06.11"]
[Round "1"]
[White "Suarez Ramirez, Jonay"]
[Black "Cruz Lledo, Pablo"]
[Result "0-1"]
[WhiteElo "1835"]
[BlackElo "2445"]
[PlyCount "60"]
[EventDate "2017.06.11"]
[EventType "swiss"]
[EventRounds "9"]
[EventCountry "ESP"]
[SourceTitle "EXT 2018"]
[Source "ChessBase"]
[SourceDate "2017.10.13"]
[SourceVersion "1"]
[SourceVersionDate "2017.10.13"]
[SourceQuality "1"]

1. d4 d5 2. c4 dxc4 3. Nc3 Nf6 4. Nf3 a6 5. a4 c5 6. e3 cxd4 7. Qxd4 Qxd4 8. Nxd4 e5 9. Nf3 Nc6 10. Bxc4 Bb4 11. 0-0 0-0 12. h3 Bf5 13. Na2 Bd6 14. Bd2 Rab8 15. Rac1 Be4 16. Ng5 Bg6 17. b4 e4 18. h4 Ne5 19. Be2 Bf5 20. Rfd1 h6 21. Nh3 Nd3 22. Bxd3 exd3 23. Bc3 Nd5 24. b5 axb5 25. axb5 Ra8 26. Rd2 Rfc8 27. Bd4 Rc2 28. Rdxc2 dxc2 29. Nc3 Nxc3 30. Bxc3 Ba3 0-1

[Event "Las Palmas Montalvo Memorial 10th"]
[Site "Las Palmas"]
[Date "2017.04.09"]
[Round "2"]
[White "Suarez Ramirez, Jonay"]
[Black "Meneses Gonzalez, Kevin Moises"]
[Result "0-1"]
[WhiteElo "1823"]
[BlackElo "2310"]
[PlyCount "54"]
[EventDate "2017.04.08"]
[EventType "swiss"]
[EventRounds "9"]
[EventCountry "ESP"]
[SourceTitle "CBM 177 Extra"]
[Source "ChessBase"]
[SourceDate "2017.04.27"]
[SourceVersion "1"]
[SourceVersionDate "2017.04.27"]
[SourceQuality "1"]

1. d4 d5 2. c4 c6 3. Nc3 Nf6 4. e3 e6 5. Bd2 Nbd7 6. Rc1 dxc4 7. Bxc4 b5 8. Bd3 Bb7 9. Nf3 a6 10. a4 Be7 11. 0-0 0-0 12. Qe2 Qb6 13. a5 Qd8 14. Ne4 c5 15. Nxc5 Bxc5 16. dxc5 Bxf3 17. gxf3 Ne5 18. Bb1 Qxd2 19. Qxd2 Nxf3+ 20. Kg2 Nxd2 21. Rfd1 Nb3 22. Rc3 Nxa5 23. b3 Nd5 24. Rcd3 Rac8 25. Rc1 Rc7 26. Kf3 f5 27. Ba2 b4 0-1

[Event "Las Palmas Insular-chT Primera-A 1617"]
[Site "Las Palmas"]
[Date "2017.02.18"]
[Round "11.2"]
[White "Damaso Tacoronte, Carolina"]
[Black "Suarez Ramirez, Jonay"]
[Result "0-1"]
[WhiteElo "1803"]
[BlackElo "1817"]
[PlyCount "64"]
[EventDate "2016.10.22"]
[EventType "team-tourn"]
[EventRounds "14"]
[EventCountry "ESP"]
[SourceTitle "EXT 2018"]
[Source "ChessBase"]
[SourceDate "2017.10.13"]
[SourceVersion "1"]
[SourceVersionDate "2017.10.13"]
[SourceQuality "1"]
[WhiteTeam "La Aldea"]
[BlackTeam "Hotel Avda de Canarias III"]
[WhiteTeamCountry "ESP"]
[BlackTeamCountry "ESP"]

1. d4 Nf6 2. c4 c5 3. e3 cxd4 4. exd4 d5 5. Nf3 g6 6. Nc3 Nc6 7. Be2 Bg7 8. 0-0 0-0 9. h3 dxc4 10. Bxc4 Na5 11. Be2 Be6 12. Ne5 Nd5 13. Nxd5 Bxd5 14. Bf3 Bxf3 15. Nxf3 Nc6 16. Be3 Qd5 17. Qd2 Rfd8 18. Rfd1 Rd7 19. Qc3 Rad8 20. Rd2 Qe4 21. Ng5 Qf5 22. Nf3 e5 23. dxe5 Rxd2 24. Bxd2 Nxe5 25. Nxe5 Bxe5 26. Qa5 b6 27. Qxa7 Rxd2 28. Qxb6 Bd4 29. Qb8+ Kg7 30. Rf1 Rxb2 31. Qa8 Rxf2 32. Rxf2 Qxf2+ 0-1

[Event "Las Palmas Insular-chT Primera-B 1617"]
[Site "Las Palmas"]
[Date "2016.11.19"]
[Round "5.4"]
[White "Falcon Alvarado, Miguel Angel"]
[Black "Suarez Ramirez, Jonay"]
[Result "0-1"]
[WhiteElo "1642"]
[BlackElo "1815"]
[PlyCount "35"]
[EventDate "2016.10.22"]
[EventType "team-tourn"]
[EventRounds "14"]
[EventCountry "ESP"]
[SourceTitle "EXT 2018"]
[Source "ChessBase"]
[SourceDate "2017.10.13"]
[SourceVersion "1"]
[SourceVersionDate "2017.10.13"]
[SourceQuality "1"]
[WhiteTeam "Anand III"]
[BlackTeam "Hotel Avda de Canarias II"]
[WhiteTeamCountry "ESP"]
[BlackTeamCountry "ESP"]

1. e4 c5 2. Nf3 Nc6 3. d4 cxd4 4. Nxd4 g6 5. Be3 Bg7 6. Bc4 Nf6 7. f3 0-0 8. c3 d5 9. Nxc6 bxc6 10. exd5 cxd5 11. Bb3 Ba6 12. Bd4 e5 13. Bc5 Re8 14. Nd2 e4 15. Kf2 exf3 16. Nxf3 Ne4+ 17. Kg1 Nxc5 18. Bxd5 0-1

[Event "Las Palmas Insular-chT Primera-A"]
[Site "Las Palmas"]
[Date "2016.01.16"]
[Round "9.2"]
[White "Medina Martin, Alberto"]
[Black "Suarez Ramirez, Jonay"]
[Result "1-0"]
[WhiteElo "1409"]
[BlackElo "1593"]
[PlyCount "69"]
[EventDate "2015.10.17"]
[EventType "team-tourn"]
[EventRounds "14"]
[EventCountry "ESP"]
[SourceTitle "CBM 170 Extra"]
[Source "ChessBase"]
[SourceDate "2016.02.25"]
[SourceVersion "1"]
[SourceVersionDate "2016.02.25"]
[SourceQuality "1"]
[WhiteTeam "Univacit Guia"]
[BlackTeam "Hotel Avda de Canarias IV"]
[WhiteTeamCountry "ESP"]
[BlackTeamCountry "ESP"]

1. d4 Nf6 2. c4 c5 3. d5 b5 4. cxb5 a6 5. bxa6 g6 6. Nc3 Bg7 7. e4 0-0 8. Nf3 Qa5 9. Bd2 Bxa6 10. Be2 Bxe2 11. Qxe2 Qa6 12. Qxa6 Nxa6 13. 0-0 Rfb8 14. Rfb1 Nb4 15. Ne1 d6 16. a3 Na6 17. Nc2 Ng4 18. h3 Ne5 19. Ne3 Rb7 20. b4 cxb4 21. axb4 Nc7 22. Rxa8+ Nxa8 23. Ra1 Nc7 24. Nc2 f5 25. f3 Nc4 26. Be1 Nb5 27. Ra8+ Kf7 28. Nxb5 Rxb5 29. Na3 Nxa3 30. Rxa3 Bd4+ 31. Kf1 fxe4 32. fxe4 Kf6 33. Ke2 Ke5 34. Kd3 Bb6 35. Kc4 1-0

[Event "Las Palmas Insular-chT Primera-A"]
[Site "Las Palmas"]
[Date "2015.12.19"]
[Round "7.2"]
[White "Suarez Ramirez, Jonay"]
[Black "Gil Cabrera, Manuel"]
[Result "1/2-1/2"]
[WhiteElo "1641"]
[BlackElo "1468"]
[PlyCount "152"]
[EventDate "2015.10.17"]
[EventType "team-tourn"]
[EventRounds "14"]
[EventCountry "ESP"]
[SourceTitle "CBM 170 Extra"]
[Source "ChessBase"]
[SourceDate "2016.02.25"]
[SourceVersion "1"]
[SourceVersionDate "2016.02.25"]
[SourceQuality "1"]
[WhiteTeam "Hotel Avda de Canarias IV"]
[BlackTeam "El Puerto de Santa Lucia II"]
[WhiteTeamCountry "ESP"]
[BlackTeamCountry "ESP"]

1. d4 d5 2. c4 e6 3. Nc3 Nf6 4. Bg5 Be7 5. Nf3 0-0 6. e3 h6 7. Bh4 Nbd7 8. Bd3 b6 9. cxd5 Nxd5 10. Bxe7 Qxe7 11. 0-0 Bb7 12. Rc1 N7f6 13. a3 Rac8 14. Nb5 Ra8 15. e4 c6 16. exd5 cxb5 17. dxe6 Qxe6 18. Bxb5 Qg4 19. Bc6 Bxc6 20. Rxc6 Rfd8 21. Rc7 h5 22. Qb3 Rf8 23. Ne5 Qe6 24. Qxe6 fxe6 25. Re1 Rfe8 26. Nc6 a6 27. Ne7+ Kf8 28. Ng6+ Kg8 29. Rc6 b5 30. Nf4 Kf7 31. Rc7+ Re7 32. Rxe7+ Kxe7 33. Nxe6 Kf7 34. Nc5 a5 35. g3 Rd8 36. Rd1 Rd5 37. Nb7 a4 38. Rd3 Ke7 39. Re3+ Kf7 40. Re5 Rd7 41. Rxb5 Rxd4 42. Nc5 Ng4 43. h3 Ne5 44. Kg2 Kf6 45. Rb6+ Kf5 46. Ne6 Rd7 47. Nf4 h4 48. Rb4 hxg3 49. Kxg3 g5 50. Ne2 Rd2 51. Nd4+ Kg6 52. Rxa4 Rxb2 53. Ra6+ Kf7 54. Ra5 Kf6 55. Nf3 Nf7 56. a4 Rb3 57. Kg2 Ra3 58. Ra6+ Kf5 59. Nd4+ Ke5 60. Nf3+ Kf5 61. a5 Ra4 62. Ra7 Kg6 63. a6 Nd6 64. Ne5+ Kf5 65. Nc6 Nb5 66. Ra8 Nc7 67. Rf8+ Ke6 68. a7 Kd7 69. Ne5+ Ke6 70. Nf3 g4 71. Ng5+ Ke7 72. Rf7+ Kd8 73. a8Q+ Nxa8 74. Ne6+ Ke8 75. Rg7 gxh3+ 76. Kxh3 Nb6 1/2-1/2